Регионална библиотека "Любен Каравелов" - Русе

Добър вечер, дами и господа! (Запис номер 364631)

MARC детайли
000 -Лидер
Контролно поле с фиксирана дължина 01527nam a2200361 c 4500
003 - Код на организацията, давaща контролен номер
Контролно поле BLK
005 - Дата и час на последна редакция
Контролно поле 20250128005515.0
008 - Елементи от данни с фиксирана дължина
fixed length control field 180409b bul|||||r ||||||| ||bul||
010 ## - Наследен системен номер
LC control number KNG00122076000
020 ## - Международен стандартен номер на книга ISBN
Международен стандартен номер на книга ISBN 978-954-28-3115-0
040 ## - Източник на каталожния запис
Идентификатор на билиотеката - собственик на записа BLK
041 ## - Код за език
Код за езика на текст/звукозапис или на отделно заглавие Български
Код за езика КДБФ Български
080 ## - УДК
Текстов определител УДК Вътрешна политика. Вж и 329
УДК код - определител по УДК 323
УДК - код + определител 323(497.2)
080 ## - УДК
Текстов определител УДК Международни политически отношения. Световна политика. Международна политика. Дипломация
УДК код - определител по УДК 327
УДК - код + определител 327(497.2)
100 1# - Редна дума - Автор
Автор Агов, Асен Йорданов
R(LIN) 376426
139 ## - Редно поле
Редна дума Агов, Асен Йорданов
Авторски знак Аго - А 24
245 10 - Сведения за заглавието
Заглавие Добър вечер, дами и господа!
Подзаглавни данни Бягството на България към свободния свят
Редно поле (дума) Асен Йорданов Агов.
257 ## - Страна на издаване
Страна на създаване/издаване България
260 ## - Област на издателските данни
Място на издаване, разпространение и проч. София
Име на издателя, разпространителя и проч. Сиела Норма
Година на издаване 2020
9 (RLIN) 217021
Издателство - префикс ISBN 978-954-28-
300 ## - Физическа характеристика
Страници 486 с.
Размери/Мащаб 24 см
380 ## - Жанр
Жанр Обществени науки
490 ## - СЕРИИ (Колекции)
Име на серия Международна политика
№: серия 1980/7
9 (RLIN) 205006
650 #0 - Допълнително описание по предмет – тема
Основно описание – тема или топоним България - вътрешна политика
9 (RLIN) 241559
653 ## - Ключова дума – ненормативна
Ключова дума политика
653 #7 - Ключова дума – ненормативна
Ключова дума политически процеси
9 (RLIN) 194087
653 #7 - Ключова дума – ненормативна
Ключова дума международна политика
9 (RLIN) 190784
856 4# - Електронен адрес и достъп
Електронен формат pdf - файл
Инструкция (цена за достъп) 0.00
Права за достъп disable
856 4# - Електронен адрес и достъп
Електронен формат pdf - файл
Инструкция (цена за достъп) 0.00
Права за достъп disable
999 ## - СИСТЕМНИ КОНТРОЛНИ НОМЕРА
Koha biblionumber 364631
Koha biblioitemnumber 364631
942 ## - АРТИКУЛИ
Вид на библиотечния материал Книги
Скрит в OPAC Не
Периодичен библиозапис Да
Koha issues (borrowed), all copies 8
944 ## - СЪЗДАВАНЕ И РЕДАКЦИЯ на ЗАПИСА
Създаване/Редакция Създаване
Дата на регистрацията/редакция 2020-05-27
Статус, дата на статуса CRON CRON
Служител, извършил регистрацията/редакцията
999 ## - СИСТЕМНИ КОНТРОЛНИ НОМЕРА
Koha biblioitemnumber 364631
999 ## - СИСТЕМНИ КОНТРОЛНИ НОМЕРА
Koha biblioitemnumber 364631
Наличности
Код за отписване Код за изгубен артикул Източник на класификационната схема Код за повреда Код за отдаване Артикулен № Име на библиотеката - собственик Име на библиотеката, в която се намира в момента Статус (Текущо местоположение) Дата на вписване в системата Местоположение - отдел Цена в лева Инвентарен номер Систематично азбучна сигнатура Баркод Цена в евро Служебен тип на артикула Коз за рестрикции
  Не е изгубен Universal Decimal Classification Не е повреден заемане за дома 772440 Регионална библиотека "Любен Каравелов" Русе Регионална библиотека "Любен Каравелов" Русе Заемна - подръчен фонд 2020-05-28 Заемна - подръчен фонд 10.96 120000843492 323(497.2)/А 24 А 120000843492 5.60 Книги  
  Не е изгубен Universal Decimal Classification Не е повреден ползва се в читалня 858723 Регионална библиотека "Любен Каравелов" Русе Регионална библиотека "Любен Каравелов" Русе Хранилище 2021-10-26 Хранилище 21.90   Цб 309693 120000861262 11.20 Книги само за читалня
Vip Innovations Ltd, Rousse, Bulgaria 2025